| 000 | 00694nam a2200253Ia 4500 | ||
|---|---|---|---|
| 001 | 41385 | ||
| 005 | 20240114003418.0 | ||
| 007 | ta | ||
| 008 | 080314s2003 g b000 u asm u | ||
| 020 | _cHB | ||
| 040 | _aCotton College,Assam | ||
| 041 | _aasm | ||
| 082 |
_a891.41 _bBa 23 As |
||
| 100 | _aAssamese differen Boruah, Bhimkanta . | ||
| 245 | 0 |
_aAsamar Bhasa / _cBhimkanta Boruah. _hTextual Documents |
|
| 250 | _a4th ed / | ||
| 260 |
_aGuwahati : _bBanalata , _c2003. |
||
| 300 |
_a213pg ; _c21cm _e`. |
||
| 500 | _aIssues to the Deptt (Assamese) | ||
| 653 | _aAssamese different language-collection | ||
| 942 |
_2ddc _cBK |
||
| 999 |
_c41353 _d41353 |
||